LIBRARY & INFORMATION CENTRE, KCAET, TAVANUR

ONLINE PUBLIC ACCESS CATALOGUE (OPAC)

History of economic ideas / (Record no. 4124)

MARC details
000 -LEADER
fixed length control field 00460cam a2200181ua 4500
041 ## - LANGUAGE CODE
Language code of text/sound track or separate title eng
082 ## - DEWEY DECIMAL CLASSIFICATION NUMBER
Classification number 330.1
Item number LEK/HI
100 ## - MAIN ENTRY--AUTHOR NAME
Personal name Lekachman, Robert .
245 ## - TITLE STATEMENT
Title History of economic ideas /
250 ## - EDITION STATEMENT
Edition statement 1 /
260 ## - PUBLICATION, DISTRIBUTION, ETC. (IMPRINT)
Place of publication New York :
Name of publisher Harper and Row Publishers ,
Year of publication 1964.
300 ## - PHYSICAL DESCRIPTION
Number of Pages 427 ; .
942 ## - ADDED ENTRY ELEMENTS (KOHA)
Koha item type Books
Holdings
Withdrawn status Lost status Damaged status Home library Current library Date acquired Full call number Accession Number Koha item type Public note
Withdrawn     KAUAET Sanskrit University 07/04/2012 330.1 8040 Books Transferred to Sanskrit University
free website counter